Statistics for Presidents by Accomplishments

Click here to take the quiz!

General Stats

  • This quiz has been taken 595 times
  • The average score is 12 of 15

Answer Stats

Accomplishment President % Correct
1st PresidentG.Washington
100%
1st African AmericanB.Obama
98%
Served 4 termsF.D.Roosevelt
94%
1st to ResignR.Nixon
92%
Dropped the Atomic BombH.S.Truman
91%
Pardoned NixonG.Ford
89%
IraqG.W.Bush
86%
Gulf WarG.H.W.Bush
86%
1st to be ImpeachedA.Johnson
85%
Youngest ElectedJ.F.Kennedy
85%
1st of the most common first nameJ.Madison
83%
OldestR.Reagan
83%
1st to die in officeW.H.Harrison
80%
Camp DavidJ.Carter
63%
1st son of a former PresidentJ.Quincy Adams
27%

Score Distribution

Percentile by Number Answered

Percent of People with Each Score

Your Score History

You have not taken this quiz